000 00389 a2200157 4500
001 69356
020 _a9788572084994
040 _cAnchieta - Itaigara
100 _aSypriano, Lilian
240 1 0 _aMorreu tio Eurico! Rubião ficou rico!
_lpor
245 1 0 _aMorreu tio Eurico! Rubião ficou rico!
300 _a31
362 0 _a2007
650 4 _aLiteratura infanto-juvenil
942 _cBK
999 _c69356
_d69356